书目信息 |
| 题名: |
章太炎全集
|
|
| 作者: | 章太炎 著 ;上海人民出版社 编 | |
| 分册: | 四 | |
| 出版信息: | 上海 上海人民出版社 1985.09 |
|
| 页数: | 501页 | |
| 开本: | 20cm | |
| 丛书名: | ||
| 单 册: | ||
| 中图分类: | B259.2 | |
| 科图分类: | ||
| 主题词: | 章太炎--哲学 , 章太炎 | |
| 电子资源: | ||
| ISBN: | ||
| 000 | 00693nam0 2200241 45 | |
| 001 | 0303210920 | |
| 005 | 20050525111055.8 | |
| 010 | @dCNY4.60@b精装 | |
| 091 | @a11074.562 | |
| 100 | @a20030321d1985 km y0chiy0120 ea | |
| 101 | 0 | @achi |
| 105 | @aa z 000yy | |
| 200 | 1 | @a章太炎全集@AZhang Tai Yan Quan Ji@h四@f章太炎著@FZhang Tai Yan Zhu@g上海人民出版社编 |
| 210 | @a上海@c上海人民出版社@d1985.09 | |
| 215 | @a501页@c照片@d20cm | |
| 300 | @a太炎文录初编 | |
| 606 | 0 | @a章太炎@x哲学 |
| 606 | 0 | @a章太炎 |
| 690 | @aB259.2@v3 | |
| 701 | 0 | @a章太炎@4著 |
| 712 | 02 | @a上海人民出版社@AShang Hai Ren Min Chu Ban She@4编 |
| 801 | @aCN@bTSTC@c20030321 | |
| 905 | @dB259.2@e17:4@f1@b158274 | |
| 章太炎全集.四/章太炎著/上海人民出版社编.-上海:上海人民出版社,1985.09 |
| 501页:照片;20cm |
| 太炎文录初编 |
| ISBN (精装):CNY4.60 |
| ● |
| 相关链接 |
|
|
|
|
正题名:章太炎全集
索取号:B259.2/17:4
 
预约/预借
| 序号 | 登录号 | 条形码 | 馆藏地/架位号 | 状态 | 备注 |
| 1 | 0158273 | 000523357 | 密集书库/ [索取号:B259.2/17:4] | 在馆 | |
| 2 | 0158274 | 002040776 | 第一样本阅览室/ [索取号:B259.2/17:4] | 在馆 |